000 01017nam a2200277 4500
005 20260421130706.0
008 260416s2024 my aob br 000 0bmay d
020 _a9789670036403
_cRM45.00
_qpaperback
040 _aPPAK
_beng
_cPPAK
_erda
082 0 4 _223
_a959.505
090 0 0 _a959.505
_bMAH
_dK
090 2 0 _a959.505
_bMAH
_dKK
100 0 _aMahdi Shuid,
_cDr.,
_eauthor.
245 1 0 _aDari Pendudukan Jepun (1941) hingga Kemerdekaan Negara (1957) /
_cDr Mahdi Shuid ; Pelukis: Kenny Ong
264 1 _aPuchong, Selangor :
_bMK e-Solutions Sdn. Bhd.,
_c2024
300 _a[98] pages :
_bcolour illustrations, colour photographs, colour maps ;
_c19 x 21 cm
336 _atext
_2rdacontent
337 _aunmediated
_2rdamedia
338 _avolume
_2rdacarrier
650 1 0 _aCommunism
_xHistory
_zMalaysia
_zMalaya
650 2 0 _aIndependence Day (Malaysia)
650 2 0 _aHistory
651 0 _aMalaysia
_xHistory
700 1 _aOng, Kenny,
_eillustrator.
942 _2ddc
_cB
999 _c203887
_d203887